000 00337nam a2200121Ia 4500
008 210430s9999 xx 000 0 und d
082 _a358.3H6151 T
100 _aMajor Charles Heyman.
_9130062
245 _aTrends in Land Mine Warfare /
_cMajor Charles Heyman.
260 _aAmrica
_bA Janes
_c1995
300 _a161p
942 _cBK
_2ddc
999 _c563356
_d563356